000 00338nam a2200133 i 4500
001 bg
100 1 _aNICHOLLS, D.G.
245 0 _aBioenergetyka :
_bwprowadzenie do teorii chemiosomatycznej /
_cD.G. Nicholls.
260 _aWarszawa,
_c1987.
040 _cBPK
041 _apol
942 _cKS
008 s pl f |000 0 pol
999 _c23745
_d23745
856 _uhttp://koha.tu.koszalin.pl/cgi-bin/koha/opac-detail.pl?biblionumber=23745
_yKatalog online BPK